محنة الامام احمد بن حنبل / (رقم التسجيلة. 80218)

تفاصيل مارك
000 -LEADER
fixed length control field 00580nam a22001817a 4500
005 - DATE AND TIME OF LATEST TRANSACTION
control field 20251108172454.0
008 - FIXED-LENGTH DATA ELEMENTS--GENERAL INFORMATION
fixed length control field 250721s9999 xx 000 0 ara d
082 14 - DEWEY DECIMAL CLASSIFICATION NUMBER
Classification number 922.76مقد
100 1# - MAIN ENTRY--PERSONAL NAME
Personal name مقدسي، بهاء الدين عبد الرحمن بن ابراهيم
245 10 - TITLE STATEMENT
Title محنة الامام احمد بن حنبل /
264 1# - PRODUCTION, PUBLICATION, DISTRIBUTION, MANUFACTURE, AND COPYRIGHT NOTICE
Place of production, publication, distribution, manufacture القاهرة :
Name of producer, publisher, distributor, manufacturer مركز الكتاب للنشر،
300 ## - PHYSICAL DESCRIPTION
Extent 135ص
650 17 - SUBJECT ADDED ENTRY--TOPICAL TERM
Topical term or geographic name as entry element الفقهاء المسلمون
650 17 - SUBJECT ADDED ENTRY--TOPICAL TERM
Topical term or geographic name as entry element التراجم
650 17 - SUBJECT ADDED ENTRY--TOPICAL TERM
Topical term or geographic name as entry element المذهب الحنبلي
942 ## - ADDED ENTRY ELEMENTS (KOHA)
Source of classification or shelving scheme Dewey Decimal Classification
Koha item type كتب
المقتنيات
حالة السحب حالة الفقدان مصدر التصنيف حالة التلف غير قابل للإعارة المكتبة الرئيسية المكتبة الحالية موقع الرف تاريخ التزويد الرقم المتسلسل Total Checkouts رقم الإستدعاء الباركود تاريخ آخر ظهور تاريخ الفاتورة نوع المادة (كوها)
    Dewey Decimal Classification     المكتبة المركزية المكتبة المركزية الإعارة 27/10/2016 1628863   922.76مقد PLD00397175 28/07/2025 27/10/2016 كتب
Implemented & Customized by: BBB with SCIT (Smart Chains for Information Technology)

Powered by Koha